UM Logo

Fundamentals of criminal investigation/ (Record no. 3742)

MARC details
000 -LEADER
fixed length control field 00752nam a22002177a 4500
008 - FIXED-LENGTH DATA ELEMENTS--GENERAL INFORMATION
fixed length control field 160728b xxu||||| |||| 00| 0 eng d
020 ## - INTERNATIONAL STANDARD BOOK NUMBER
International Standard Book Number 978-971-9617-82-2
082 ## - DEWEY DECIMAL CLASSIFICATION NUMBER
Classification number 2016
Edition number DFil 363.25
Item number V66f
100 ## - MAIN ENTRY--PERSONAL NAME
9 (RLIN) 12460
Personal name Vicente, Jezreel B.
245 ## - TITLE STATEMENT
Title Fundamentals of criminal investigation/
Statement of responsibility, etc. Jezreel B. Vicente...[and four others]
250 ## - EDITION STATEMENT
Edition statement Second Edition
260 ## - PUBLICATION, DISTRIBUTION, ETC. (IMPRINT)
Place of publication, distribution, etc. Quezon City:
Name of publisher, distributor, etc. Wiseman's Books Trading, Inc.,
Date of publication, distribution, etc. c2016.
300 ## - PHYSICAL DESCRIPTION
Extent v, 226 pages:
Other physical details illustrations;
Dimensions 22 cm.
650 #0 - SUBJECT ADDED ENTRY--TOPICAL TERM
9 (RLIN) 12462
Topical term or geographic name as entry element Criminal investigations.
700 ## - ADDED ENTRY--PERSONAL NAME
9 (RLIN) 12463
Personal name Eduardo, Jesster P.
700 ## - ADDED ENTRY--PERSONAL NAME
9 (RLIN) 12464
Personal name Catalino, Marcelo G.
700 ## - ADDED ENTRY--PERSONAL NAME
9 (RLIN) 12465
Personal name Estoque, Sammy B.
700 ## - ADDED ENTRY--PERSONAL NAME
9 (RLIN) 12466
Personal name Vicente, Rhescien Mae B.
365 ## - TRADE PRICE
Price amount 398.00
Currency code Php
942 ## - ADDED ENTRY ELEMENTS (KOHA)
Source of classification or shelving scheme Dewey Decimal Classification
Koha item type Filipiniana
Holdings
Withdrawn status Lost status Source of classification or shelving scheme Damaged status Not for loan Collection code Home library Current library Shelving location Date acquired Source of acquisition Total Checkouts Full call number Barcode Date last seen Date last checked out Copy number Cost, replacement price Price effective from Koha item type
    Dewey Decimal Classification     Filipiniana UM Digos College - LIC UM Digos College - LIC Book Cart 07/25/2016 Purchased 1 DFil 363.25 V66f 2016 24307 05/15/2025 10/08/2018 1 398.00 08/06/2016 Filipiniana
    Dewey Decimal Classification     Filipiniana UM Digos College - LIC UM Digos College - LIC   07/25/2016 Purchased 4 DFil 363.25 V66f 2016 24308 05/15/2025 02/06/2018 2 398.00 08/06/2016 Filipiniana
    Dewey Decimal Classification     Filipiniana UM Digos College - LIC UM Digos College - LIC Book Cart 07/25/2016 Purchased 1 DFil 363.25 V66f 2016 24309 05/15/2025 03/30/2021 3 398.00 08/06/2016 Filipiniana
    Dewey Decimal Classification     Filipiniana UM Digos College - LIC UM Digos College - LIC Book Cart 07/25/2016 Purchased 2 DFil 363.25 V66f 2016 24310 05/15/2025 10/29/2020 4 398.00 08/06/2016 Filipiniana
    Dewey Decimal Classification     Filipiniana UM Digos College - LIC UM Digos College - LIC Book Cart 07/25/2016 Purchased 11 DFil 363.25 V66f 2016 24311 09/15/2025 09/05/2025 5 398.00 08/06/2016 Filipiniana